KOHA-Header-6

Essentials of Technology Management (Record no. 12328)

000 -LEADER
fixed length control field 00287nam a22001217a 4500
020 ## - INTERNATIONAL STANDARD BOOK NUMBER
ISBN 9789386418401
082 ## - DEWEY DECIMAL CLASSIFICATION NUMBER
Classification number 658.15
100 ## - MAIN ENTRY--AUTHOR NAME
Personal name M.L. Bhatia
245 ## - TITLE STATEMENT
Title Essentials of Technology Management
260 ## - PUBLICATION, DISTRIBUTION, ETC. (IMPRINT)
Place of publication India
Name of publisher New Age International
Year of publication 2018
300 ## - PHYSICAL DESCRIPTION
Number of Pages 743 pages.
942 ## - ADDED ENTRY ELEMENTS (KOHA)
Koha item type Books
Holdings
Withdrawn status Lost status Collection code Permanent Location Current Location Shelving location Date acquired Full call number Accession Number Koha item type
    Management MAJU MAJU   2020-03-05 658.15 9617 Management

Powered by Koha